ABC of Clinical Genetics. (Record no. 696)

MARC details
000 -LEADER
fixed length control field 00546nam a22002177a 4500
003 - CONTROL NUMBER IDENTIFIER
control field OSt
005 - DATE AND TIME OF LATEST TRANSACTION
control field 20231103120546.0
008 - FIXED-LENGTH DATA ELEMENTS--GENERAL INFORMATION
fixed length control field 141105b xxu||||| |||| 00| 0 eng d
020 ## - INTERNATIONAL STANDARD BOOK NUMBER
International Standard Book Number 0727911015
040 ## - CATALOGING SOURCE
Transcribing agency DNLM
082 ## - DEWEY DECIMAL CLASSIFICATION NUMBER
Classification number QZ 50 K618a 1997
100 ## - MAIN ENTRY--PERSONAL NAME
Personal name Kingston, Helen M.
9 (RLIN) 1781
245 ## - TITLE STATEMENT
Title ABC of Clinical Genetics.
250 ## - EDITION STATEMENT
Edition statement 2nd ed.
260 ## - PUBLICATION, DISTRIBUTION, ETC. (IMPRINT)
Place of publication, distribution, etc. London:
Name of publisher, distributor, etc. BMJ
Date of publication, distribution, etc. 1997
300 ## - PHYSICAL DESCRIPTION
Extent vi, 75 p.:
Other physical details col.ill ;
Dimensions 29 cm.
504 ## - BIBLIOGRAPHY, ETC. NOTE
Bibliography, etc Includes index.
650 ## - SUBJECT ADDED ENTRY--TOPICAL TERM
Topical term or geographic name as entry element Clinal pathology
9 (RLIN) 16834
650 ## - SUBJECT ADDED ENTRY--TOPICAL TERM
Topical term or geographic name as entry element Genetics
9 (RLIN) 404
942 ## - ADDED ENTRY ELEMENTS (KOHA)
Source of classification or shelving scheme Other/Generic Classification Scheme
Koha item type Short Loan
Holdings
Withdrawn status Lost status Source of classification or shelving scheme Damaged status Not for loan Home library Current library Date acquired Source of acquisition Inventory number Total Checkouts Full call number Barcode Date last seen Koha item type
    Other/Generic Classification Scheme     MUST Main Library MUST Main Library 05/11/2014 Donation 03/18681   QZ 50 K618a 1997 2014-3293 05/11/2014 Short Loan
    Dewey Decimal Classification     MUST Main Library MUST Main Library 06/06/2016 Donation 03/18224   QZ 50 K618a 1997 2016-2325 06/06/2016 Open Shelf
    Dewey Decimal Classification     MUST Main Library MUST Main Library 06/06/2016 Donation 03/18223   QZ 50 K618a 1997 2016-2326 06/06/2016 Open Shelf
    Other/Generic Classification Scheme     MUST Main Library MUST Main Library 26/07/2016 Donation 03/18222   QZ 50 K618a 1997 2016-3445 26/07/2016 Open Shelf